|
|
|
|
| LEADER |
01167cam a2200289 7i4500 |
| 001 |
0000024236 |
| 005 |
20191009090000.0 |
| 008 |
090211 eng |
| 020 |
|
|
|a 9780521671675 (pbk.)
|
| 020 |
|
|
|a 0521671671 (pbk.)
|
| 040 |
|
|
|a DLC
|
| 090 |
0 |
0 |
|a T11
|b .D73 2006
|
| 100 |
1 |
|
|a Day, Robert A
|
| 245 |
1 |
0 |
|a How to write and publish a scientific paper
|c Robert A. Day, Barbara Gastel.
|
| 250 |
|
|
|a 6th ed.
|
| 260 |
|
|
|a Cambridge:
|b Cambridge University Press,
|c 2006.
|
| 300 |
|
|
|a xv, 302 p.;
|c 24 cm.
|
| 504 |
|
|
|a Includes bibliographical references and index
|
| 650 |
0 |
0 |
|a Technical writing
|
| 700 |
1 |
|
|a Gastel, Barbara
|
| 997 |
|
|
|a Engineering & Life Sciences, Faculty
|b Engineering, Department
|
| 997 |
|
|
|a Communication, Visual Art & Computing, Faculty
|b Computing, Department
|
| 997 |
|
|
|a Engineering & Life Sciences, Faculty
|b Science & Biotechnology, Department
|
| 999 |
|
|
|a 0000034565
|b BOK
|c OPEN SHELF
|e 2nd Floor, Bestari Jaya
|
| 999 |
|
|
|a 0000034566
|b BOK
|c OPEN SHELF
|e 2nd Floor, Bestari Jaya
|
| 999 |
|
|
|a 0000036263
|b BOK
|c OPEN SHELF
|e 2nd Floor, Bestari Jaya
|
| 999 |
|
|
|a 0000038080
|b BOK
|c OPEN SHELF
|e 2nd Floor, Bestari Jaya
|